| 000 | 01275cam a2200373 i 4500 | ||
|---|---|---|---|
| 003 | EG-GICUC | ||
| 005 | 20260205115027.0 | ||
| 008 | 011115s2001 nyua fr 001 0 eng d | ||
| 020 |
_a1566627486 _qalk. paper |
||
| 020 |
_a9781566627481 _q(alk. paper) |
||
| 040 |
_aDLC _cDLC _dDLC _dEG-GICUC _beng _erda |
||
| 043 | _an-us--- | ||
| 050 | 0 | 0 |
_aKZ1242.5 _b.C375 2001 |
| 082 | 0 | 4 |
_221 _a341 |
| 092 | 0 | 4 | _221 |
| 099 | _aLaw 11 2001 | ||
| 245 | 0 | 0 |
_aCases and materials [on] the international legal system / _cby Christopher L. Blakesley ... [et al.]. |
| 246 | 3 | 0 | _aInternational legal system |
| 250 | _a5th edition. | ||
| 264 |
_aNew York : _bFoundation Press, _c2001. |
||
| 300 |
_alxxv, 1505 pages : _billustrations ; _c26 cm. |
||
| 336 |
_atext _2rdacontent |
||
| 337 |
_aComputer _2rdamedia |
||
| 338 |
_aOnline Resource _2rdacarrier |
||
| 440 | 0 | _aUniversity casebook series | |
| 500 | _aIncludes index. | ||
| 500 | _aAccompanied by: Documentary supplement (ix, 836 p.). | ||
| 650 | 0 |
_aInternational law _vCases. |
|
| 650 | 0 |
_aInternational and municipal law _zUnited States _vCases. |
|
| 700 | 1 |
_aBlakesley, Christopher L., _d1945- _eAuthor. |
|
| 856 | 4 | 0 | _uhttps://fll.law.cu.edu.eg/fulltext/bks/ENGB11-00065.pdf |
| 905 | _a10 | ||
| 942 |
_2ddc _cBK _e21 _n0 |
||
| 999 |
_c57002 _d57002 |
||